| 000 | 00990nam a22003377a 4500 | ||
|---|---|---|---|
| 001 | 31392 | ||
| 003 | DO-SdBNP | ||
| 005 | 20241017110436.0 | ||
| 007 | 31392 | ||
| 008 | 881205s1987 sp c spa | ||
| 016 | 7 | _2BPMSU | |
| 020 | _a8476349831 | ||
| 040 |
_aBPMSU _bspa _cBPMSU |
||
| 082 | 4 |
_a843.8 _bV531J 1987 _222 |
|
| 092 |
_a843.8 _bV531p |
||
| 100 | 1 |
_aVerne, Julio _d1828-1905 |
|
| 245 | 1 | 0 |
_aJulio Verne : _bEl país de las pieles / _cJulio Verne ; traducción, Carlos de Pineda |
| 260 | 1 |
_aBarcelona : _bEdiciones Orbis, _c1987 |
|
| 300 |
_av. _bil. _c20 cm |
||
| 490 |
_aJulio Verne, _v36 |
||
| 500 | _a | ||
| 500 | _a | ||
| 534 |
_pTítulo original : _tLe pays des fourrures . |
||
| 590 | _aInventariado, 2024/VM | ||
| 650 | 4 | _aNovela juvenil francesa | |
| 650 | 4 | _aLiteratura juvenil francesa | |
| 700 | 1 |
_aPineda, Carlos de _4traductor |
|
| 700 | 1 | 2 |
_aBeaurepaire, André _d1924-2012 |
| 910 | _aVMateo V. Control de calidad BPMSU | ||
| 942 |
_2ddc _cBK |
||
| 999 |
_c8858 _d8858 |
||